[Event "MPJ_D18"]
[Site "?"]
[Date "2016.03.19"]
[Round "8.5"]
[White "Murawko, Julia"]
[Black "Topolan, Agata"]
[Result "0-1"]
[BlackElo "1889"]
[WhiteElo "1758"]
[LiveChessVersion "1.4.8"]

1. e4 {[%clk 1:30:56]} c5 {[%clk 1:30:54]} 2. Nf3 {[%clk 1:31:20]} e6
{[%clk 1:31:18]} 3. d4 {[%clk 1:31:45]} cxd4 {[%clk 1:31:42]} 4. Nxd4
{[%clk 1:32:11]} Nf6 {[%clk 1:32:01]} 5. Bd3 {[%clk 1:32:35]} Nc6
{[%clk 1:31:33]} 6. Be3 {[%clk 1:28:22]} d5 {[%clk 1:28:12]} 7. exd5
{[%clk 1:22:05]} Nxd5 {[%clk 1:22:37]} 8. Nxc6 {[%clk 1:17:28]} bxc6
{[%clk 1:13:41]} 9. O-O {[%clk 1:09:14]} Nxe3 {[%clk 1:06:05]} 10. fxe3
{[%clk 1:09:38]} Bd6 {[%clk 1:05:36]} 11. Nd2 {[%clk 1:01:22]} Qh4
{[%clk 1:00:35]} 12. Nf3 {[%clk 0:55:15]} Qh6 {[%clk 1:00:11]} 13. Qd2
{[%clk 0:43:45]} Bb7 {[%clk 0:56:33]} 14. Kh1 {[%clk 0:33:27]} g5
{[%clk 0:50:40]} 15. e4 {[%clk 0:28:52]} Bf4 {[%clk 0:50:40]} 16. Qf2
{[%clk 0:27:29]} O-O {[%clk 0:46:21]} 17. g3 {[%clk 0:22:49]} Bc7
{[%clk 0:45:46]} 18. Qe3 {[%clk 0:17:43]} f6 {[%clk 0:44:21]} 19. Kg2
{[%clk 0:13:16]} Bb6 {[%clk 0:39:30]} 20. Qd2 {[%clk 0:11:59]} Qg7
{[%clk 0:38:33]} 21. Rae1 {[%clk 0:09:56]} Rad8 {[%clk 0:38:10]} 22. Qc3
{[%clk 0:07:38]} h5 {[%clk 0:35:20]} 23. Qb3 {[%clk 0:06:16]} Rfe8
{[%clk 0:34:40]} 24. Bc4 {[%clk 0:05:08]} Qe7 {[%clk 0:33:49]} 25. Bd3
{[%clk 0:01:57]} c5 {[%clk 0:30:49]} 26. c4 {[%clk 0:00:54]} g4 {[%clk 0:30:38]}
27. Nh4 {[%clk 0:00:51]} Rd4 {[%clk 0:29:57]} 28. Kg1 {[%clk 0:00:48]} Red8
{[%clk 0:30:00]} 29. Re3 {[%clk 0:00:50]} Qd6 {[%clk 0:29:04]} 30. Bc2
{[%clk 0:00:45]} Rf8 {[%clk 0:17:33]} 31. Ng6 {[%clk 0:00:50]} Rf7
{[%clk 0:18:02]} 32. Nf4 {[%clk 0:00:59]} Qe5 {[%clk 0:17:33]} 33. Qc3
{[%clk 0:00:41]} Rfd7 {[%clk 0:14:58]} 34. Ne2 {[%clk 0:00:35]} h4
{[%clk 0:14:30]} 35. Qe1 {[%clk 0:00:37]} Rxc4 {[%clk 0:14:40]} 36. Nc3
{[%clk 0:00:40]} Rb4 {[%clk 0:14:23]} 37. Qe2 {[%clk 0:00:41]} c4
{[%clk 0:14:30]} 38. Qxg4+ {[%clk 0:00:52]} Kf8 {[%clk 0:14:42]} 39. Qf3
{[%clk 0:00:47]} Bxe3+ {[%clk 0:14:55]} 40. Qxe3 {[%clk 0:31:13]} hxg3
{[%clk 0:44:28]} 41. Qh6+ {[%clk 0:30:54]} Ke7 {[%clk 0:44:33]} 42. Qg7+
{[%clk 0:30:34]} Kd8 {[%clk 0:44:49]} 0-1

[Event "MPJ_D18"]
[Site "?"]
[Date "2016.03.19"]
[Round "8.6"]
[White "Dwilewicz, Katarzyna"]
[Black "Dadello, Aleksandra"]
[Result "1/2-1/2"]
[BlackElo "2041"]
[WhiteElo "1811"]
[LiveChessVersion "1.4.8"]

1. e4 {[%clk 1:30:56]} e6 {[%clk 1:30:55]} 2. b3 {[%clk 1:31:16]} d5
{[%clk 1:30:12]} 3. Bb2 {[%clk 1:31:23]} c5 {[%clk 1:28:16]} 4. exd5
{[%clk 1:31:35]} exd5 {[%clk 1:27:22]} 5. Nf3 {[%clk 1:31:41]} Nf6
{[%clk 1:15:50]} 6. Bb5+ {[%clk 1:31:38]} Bd7 {[%clk 1:15:04]} 7. Qe2+
{[%clk 1:31:44]} Be7 {[%clk 0:58:32]} 8. Bxf6 {[%clk 1:31:17]} gxf6
{[%clk 0:58:55]} 9. Nc3 {[%clk 1:31:30]} Bc6 {[%clk 0:54:04]} 10. Nh4
{[%clk 1:09:41]} Qd7 {[%clk 0:51:35]} 11. Bd3 {[%clk 1:05:06]} Qe6
{[%clk 0:50:05]} 12. O-O-O {[%clk 1:02:56]} Qxe2 {[%clk 0:50:17]} 13. Nxe2
{[%clk 1:01:39]} Nd7 {[%clk 0:48:52]} 14. Nf4 {[%clk 0:59:06]} Bd6
{[%clk 0:42:37]} 15. Rde1+ {[%clk 0:59:18]} Kd8 {[%clk 0:40:39]} 16. Nh5
{[%clk 0:59:02]} Kc7 {[%clk 0:39:04]} 17. Nf5 {[%clk 0:58:38]} Rae8
{[%clk 0:27:48]} 18. Nh6 {[%clk 0:50:36]} Ne5 {[%clk 0:19:38]} 19. Bf5
{[%clk 0:42:09]} Bf8 {[%clk 0:17:53]} 20. Ng4 {[%clk 0:33:47]} Nxg4
{[%clk 0:16:33]} 21. Bxg4 {[%clk 0:33:54]} Bd6 {[%clk 0:13:58]} 22. Nxf6
{[%clk 0:28:59]} Re5 {[%clk 0:11:12]} 23. Bf3 {[%clk 0:23:13]} d4
{[%clk 0:10:02]} 24. Bxc6 {[%clk 0:22:22]} Kxc6 {[%clk 0:10:12]} 25. Rxe5
{[%clk 0:19:48]} Bxe5 {[%clk 0:10:36]} 26. Ng4 {[%clk 0:20:10]} Bd6
{[%clk 0:08:32]} 27. Re1 {[%clk 0:20:16]} Rg8 {[%clk 0:08:15]} 28. f3
{[%clk 0:15:27]} h5 {[%clk 0:07:05]} 29. Ne5+ {[%clk 0:11:26]} Kd5
{[%clk 0:06:37]} 30. Nxf7 {[%clk 0:11:09]} Rxg2 {[%clk 0:06:58]} 31. h4
{[%clk 0:10:02]} Bf4 {[%clk 0:06:59]} 32. Re4 {[%clk 0:07:18]} Bxd2+
{[%clk 0:04:44]} 33. Kd1 {[%clk 0:07:13]} Be3 {[%clk 0:03:03]} 34. Re5+
{[%clk 0:06:33]} Kc6 {[%clk 0:02:51]} 35. Nd8+ {[%clk 0:05:56]} Kc7
{[%clk 0:02:42]} 36. Nf7 {[%clk 0:05:30]} Rg1+ {[%clk 0:02:41]} 37. Ke2
{[%clk 0:05:58]} Rg2+ {[%clk 0:03:05]} 38. Kd1 {[%clk 0:05:57]} b6
{[%clk 0:02:39]} 39. Rxh5 {[%clk 0:04:59]} Rd2+ {[%clk 0:01:22]} 40. Kc1
{[%clk 0:34:02]} Rf2+ {[%clk 0:31:02]} 41. Kd1 {[%clk 0:33:17]} Rxf3
{[%clk 0:25:31]} 42. Ne5 {[%clk 0:32:47]} Rf1+ {[%clk 0:25:50]} 43. Ke2
{[%clk 0:33:16]} Rf2+ {[%clk 0:24:50]} 44. Kd1 {[%clk 0:32:47]} Rd2+
{[%clk 0:09:50]} 45. Kc1 {[%clk 0:33:00]} Rh2+ {[%clk 0:10:07]} 46. Kd1
{[%clk 0:32:06]} Bf4 {[%clk 0:07:01]} 47. Rh7+ {[%clk 0:31:51]} Kd6
{[%clk 0:06:53]} 48. Nc4+ {[%clk 0:19:46]} Kd5 {[%clk 0:06:32]} 49. Rxa7
{[%clk 0:19:08]} b5 {[%clk 0:04:57]} 50. Nb6+ {[%clk 0:18:28]} Ke4
{[%clk 0:04:37]} 51. Re7+ {[%clk 0:18:14]} Kf3 {[%clk 0:04:16]} 52. Nd5
{[%clk 0:16:30]} Be3 {[%clk 0:00:52]} 53. Nxe3 {[%clk 0:14:34]} dxe3
{[%clk 0:01:19]} 54. Rf7+ {[%clk 0:14:45]} Ke4 {[%clk 0:01:42]} 55. Re7+
{[%clk 0:14:49]} Kf3 {[%clk 0:01:33]} 56. Rf7+ {[%clk 0:15:16]} Ke4
{[%clk 0:01:05]} 57. Re7+ {[%clk 0:07:22]} Kf3 {[%clk 0:01:30]} 1/2-1/2

[Event "MPJ_D18"]
[Site "?"]
[Date "2016.03.19"]
[Round "8.7"]
[White "Ostrowska, Joanna"]
[Black "Pluta, Natalia"]
[Result "0-1"]
[BlackElo "1542"]
[WhiteElo "1682"]
[LiveChessVersion "1.4.8"]

1. d4 {[%clk 1:29:41]} Nf6 {[%clk 1:30:45]} 2. c4 {[%clk 1:30:04]} c5
{[%clk 1:31:10]} 3. d5 {[%clk 1:29:48]} b5 {[%clk 1:31:23]} 4. Qc2
{[%clk 1:27:51]} bxc4 {[%clk 1:25:51]} 5. e4 {[%clk 1:27:01]} g6 {[%clk 1:24:57]}
6. Bxc4 {[%clk 1:26:57]} d6 {[%clk 1:24:54]} 7. f4 {[%clk 1:23:04]} Bg7
{[%clk 1:22:42]} 8. Nf3 {[%clk 1:22:31]} O-O {[%clk 1:22:23]} 9. O-O
{[%clk 1:22:14]} Ba6 {[%clk 1:21:09]} 10. a3 {[%clk 1:15:20]} Qb6
{[%clk 1:18:45]} 11. Bxa6 {[%clk 1:13:22]} Nxa6 {[%clk 1:19:01]} 12. Nc3
{[%clk 1:13:25]} c4+ {[%clk 1:16:29]} 13. Kh1 {[%clk 1:13:17]} Rab8
{[%clk 1:08:17]} 14. Qe2 {[%clk 1:07:22]} Rfc8 {[%clk 1:06:42]} 15. e5
{[%clk 0:50:14]} Ne8 {[%clk 1:01:58]} 16. Rb1 {[%clk 0:47:31]} Nec7
{[%clk 0:54:14]} 17. Be3 {[%clk 0:40:47]} Qa5 {[%clk 0:54:07]} 18. Rbd1
{[%clk 0:40:41]} Nb5 {[%clk 0:52:13]} 19. Bd4 {[%clk 0:35:10]} Nc5
{[%clk 0:43:44]} 20. exd6 {[%clk 0:27:00]} Nxd6 {[%clk 0:37:35]} 21. Bxg7
{[%clk 0:22:06]} Kxg7 {[%clk 0:37:51]} 22. Qxe7 {[%clk 0:19:25]} Nf5
{[%clk 0:37:21]} 23. Qg5 {[%clk 0:15:39]} h6 {[%clk 0:35:19]} 24. Qg4
{[%clk 0:15:05]} Ne3 {[%clk 0:35:18]} 25. Qg3 {[%clk 0:14:43]} Nxf1
{[%clk 0:35:33]} 26. Rxf1 {[%clk 0:15:06]} Rxb2 {[%clk 0:34:51]} 27. Nd4
{[%clk 0:14:58]} Qxa3 {[%clk 0:26:09]} 28. f5 {[%clk 0:14:43]} Qa6
{[%clk 0:17:00]} 29. d6 {[%clk 0:10:03]} Rd8 {[%clk 0:12:32]} 30. Qe5+
{[%clk 0:08:09]} Kg8 {[%clk 0:10:33]} 31. Qxc5 {[%clk 0:04:09]} Qxd6
{[%clk 0:10:55]} 32. Qxd6 {[%clk 0:04:06]} Rxd6 {[%clk 0:11:21]} 33. Ndb5
{[%clk 0:04:03]} Rdd2 {[%clk 0:11:37]} 34. Rg1 {[%clk 0:03:30]} Rdc2
{[%clk 0:11:19]} 35. fxg6 {[%clk 0:02:47]} fxg6 {[%clk 0:11:06]} 36. Ra1
{[%clk 0:01:31]} a6 {[%clk 0:11:21]} 37. Nc7 {[%clk 0:01:26]} Rxc3
{[%clk 0:11:37]} 38. h4 {[%clk 0:01:25]} Rcc2 {[%clk 0:11:30]} 39. Rxa6
{[%clk 0:01:19]} Rxg2 {[%clk 0:11:49]} 40. Rc6 {[%clk 0:31:18]} Rgc2
{[%clk 0:40:08]} 41. Rxg6+ {[%clk 0:30:21]} Kf7 {[%clk 0:40:29]} 42. Rg3
{[%clk 0:30:03]} Rc1+ {[%clk 0:40:43]} 43. Rg1 {[%clk 0:30:17]} Rxg1+
{[%clk 0:41:04]} 44. Kxg1 {[%clk 0:30:42]} c3 {[%clk 0:41:25]} 0-1

[Event "MPJ_D18"]
[Site "?"]
[Date "2016.03.19"]
[Round "8.8"]
[White "Kotula, Magdalena"]
[Black "Konopacka, Martyna"]
[Result "0-1"]
[BlackElo "1905"]
[WhiteElo "1502"]
[LiveChessVersion "1.4.8"]

1. e4 {[%clk 1:30:58]} e5 {[%clk 1:30:24]} 2. Nf3 {[%clk 1:31:15]} Nc6
{[%clk 1:30:14]} 3. Bb5 {[%clk 1:31:36]} Nge7 {[%clk 1:30:41]} 4. Nc3
{[%clk 1:31:46]} g6 {[%clk 1:27:04]} 5. d4 {[%clk 1:31:53]} exd4 {[%clk 1:26:56]}
6. Nd5 {[%clk 1:32:09]} Bg7 {[%clk 1:23:31]} 7. Bg5 {[%clk 1:32:10]} h6
{[%clk 1:23:42]} 8. Bf6 {[%clk 1:32:23]} Bxf6 {[%clk 1:24:01]} 9. Nxf6+
{[%clk 1:32:47]} Kf8 {[%clk 1:24:30]} 10. Nxd4 {[%clk 1:26:53]} Nf5
{[%clk 1:21:29]} 11. exf5 {[%clk 1:17:36]} Qxf6 {[%clk 1:21:46]} 12. Bxc6
{[%clk 1:15:33]} dxc6 {[%clk 1:22:12]} 13. fxg6 {[%clk 1:12:34]} Kg7
{[%clk 1:22:03]} 14. Qf3 {[%clk 1:03:15]} Re8+ {[%clk 1:20:03]} 15. Kf1
{[%clk 1:01:15]} fxg6 {[%clk 1:19:42]} 16. Qxf6+ {[%clk 1:00:31]} Kxf6
{[%clk 1:20:07]} 17. f3 {[%clk 0:57:19]} c5 {[%clk 1:18:21]} 18. Nb5
{[%clk 0:51:56]} Re7 {[%clk 1:18:20]} 19. Re1 {[%clk 0:47:15]} Be6
{[%clk 1:16:10]} 20. Nc3 {[%clk 0:45:47]} b6 {[%clk 1:09:18]} 21. Kf2
{[%clk 0:45:39]} Rd8 {[%clk 1:07:16]} 22. Rd1 {[%clk 0:41:18]} Red7
{[%clk 1:05:49]} 23. Rxd7 {[%clk 0:41:05]} Rxd7 {[%clk 1:06:08]} 24. Ne4+
{[%clk 0:36:01]} Kf7 {[%clk 1:05:55]} 25. a3 {[%clk 0:33:00]} g5 {[%clk 1:03:23]}
26. Re1 {[%clk 0:29:46]} Rd5 {[%clk 0:48:40]} 27. Nc3 {[%clk 0:24:17]} Rd2+
{[%clk 0:38:09]} 28. Re2 {[%clk 0:24:29]} Rxe2+ {[%clk 0:36:29]} 29. Kxe2
{[%clk 0:24:18]} Bf5 {[%clk 0:32:23]} 30. Kd2 {[%clk 0:23:55]} Ke6
{[%clk 0:26:30]} 31. Nd1 {[%clk 0:23:04]} a5 {[%clk 0:21:23]} 32. Ne3
{[%clk 0:23:09]} Bg6 {[%clk 0:21:37]} 33. g3 {[%clk 0:18:37]} b5 {[%clk 0:13:15]}
34. h3 {[%clk 0:13:36]} c4 {[%clk 0:10:41]} 35. Kc3 {[%clk 0:12:43]} h5
{[%clk 0:06:56]} 36. Kd4 {[%clk 0:10:43]} Kd6 {[%clk 0:07:23]} 37. g4
{[%clk 0:10:06]} c5+ {[%clk 0:06:31]} 38. Kc3 {[%clk 0:10:11]} hxg4
{[%clk 0:03:26]} 39. fxg4 {[%clk 0:08:23]} Bf7 {[%clk 0:03:22]} 40. h4
{[%clk 0:34:47]} gxh4 {[%clk 0:31:47]} 41. Nf5+ {[%clk 0:35:01]} Ke5
{[%clk 0:31:28]} 42. Nxh4 {[%clk 0:35:26]} b4+ {[%clk 0:27:49]} 43. axb4
{[%clk 0:34:27]} cxb4+ {[%clk 0:28:11]} 44. Kd2 {[%clk 0:34:39]} Kf4
{[%clk 0:22:28]} 45. Nf5 {[%clk 0:33:41]} a4 {[%clk 0:22:17]} 46. Nd6
{[%clk 0:32:14]} Be6 {[%clk 0:17:13]} 47. Nb5 {[%clk 0:29:16]} Bxg4
{[%clk 0:13:18]} 48. Nd4 {[%clk 0:25:25]} Bd7 {[%clk 0:11:40]} 49. Ne2+
{[%clk 0:24:52]} Ke4 {[%clk 0:11:54]} 50. Ng3+ {[%clk 0:19:51]} Kd4
{[%clk 0:11:02]} 51. Ne2+ {[%clk 0:19:27]} Ke4 {[%clk 0:09:52]} 52. Ng3+
{[%clk 0:19:46]} Kf3 {[%clk 0:10:17]} 53. Nf1 {[%clk 0:16:41]} a3
{[%clk 0:06:25]} 54. bxa3 {[%clk 0:16:30]} c3+ {[%clk 0:06:28]} 55. Kc1
{[%clk 0:16:03]} bxa3 {[%clk 0:03:53]} 56. Kb1 {[%clk 0:16:19]} Be6
{[%clk 0:02:58]} 57. Ka1 {[%clk 0:15:53]} Kf2 {[%clk 0:02:40]} 58. Nh2
{[%clk 0:15:37]} Kg2 {[%clk 0:01:11]} 59. Ng4 {[%clk 0:15:42]} Bxg4
{[%clk 0:01:32]} 60. Ka2 {[%clk 0:15:51]} Kf2 {[%clk 0:01:54]} 61. Kb3
{[%clk 0:16:03]} a2 {[%clk 0:02:05]} 0-1

[Event "MPJ_D18"]
[Site "?"]
[Date "2016.03.19"]
[Round "8.9"]
[White "Olechnicka, Karolina"]
[Black "Kozubal, Aleksandra"]
[Result "1-0"]
[BlackElo "1688"]
[WhiteElo "1776"]
[LiveChessVersion "1.4.8"]

1. e4 {[%clk 1:30:58]} e5 {[%clk 1:30:49]} 2. Nf3 {[%clk 1:31:24]} Nc6
{[%clk 1:30:55]} 3. d4 {[%clk 1:31:51]} exd4 {[%clk 1:30:06]} 4. Bc4
{[%clk 1:32:16]} Nf6 {[%clk 1:29:13]} 5. e5 {[%clk 1:32:39]} d5 {[%clk 1:26:36]}
6. Bb5 {[%clk 1:33:05]} Ne4 {[%clk 1:26:24]} 7. Nxd4 {[%clk 1:33:28]} Bc5
{[%clk 1:26:17]} 8. O-O {[%clk 1:31:31]} O-O {[%clk 1:21:05]} 9. Bxc6
{[%clk 1:06:49]} bxc6 {[%clk 1:16:49]} 10. Be3 {[%clk 1:06:22]} Qe8
{[%clk 1:13:10]} 11. Re1 {[%clk 0:53:08]} Qxe5 {[%clk 1:01:15]} 12. Nd2
{[%clk 0:40:32]} Qf6 {[%clk 0:49:44]} 13. N2b3 {[%clk 0:34:41]} Bd6
{[%clk 0:47:02]} 14. Nxc6 {[%clk 0:27:33]} Bxh2+ {[%clk 0:41:08]} 15. Kxh2
{[%clk 0:27:50]} Qxc6 {[%clk 0:41:30]} 16. Qd4 {[%clk 0:25:01]} Be6
{[%clk 0:34:24]} 17. f3 {[%clk 0:22:33]} Nd6 {[%clk 0:29:18]} 18. Qc5
{[%clk 0:14:57]} Qd7 {[%clk 0:21:39]} 19. Bf4 {[%clk 0:11:47]} Nc4
{[%clk 0:19:04]} 20. Qd4 {[%clk 0:09:12]} Bf5 {[%clk 0:16:20]} 21. Rad1
{[%clk 0:05:01]} c6 {[%clk 0:13:10]} 22. Qc3 {[%clk 0:04:30]} Qd8
{[%clk 0:09:42]} 23. Bg3 {[%clk 0:04:54]} Qg5 {[%clk 0:06:39]} 24. Nd4
{[%clk 0:04:40]} Bd7 {[%clk 0:03:50]} 25. b3 {[%clk 0:04:24]} Nb6
{[%clk 0:03:53]} 26. a4 {[%clk 0:04:34]} Qh5+ {[%clk 0:03:30]} 27. Kg1
{[%clk 0:04:53]} Qg5 {[%clk 0:03:53]} 28. Kf2 {[%clk 0:01:50]} h5
{[%clk 0:03:18]} 29. a5 {[%clk 0:01:48]} h4 {[%clk 0:03:07]} 30. Bh2
{[%clk 0:01:29]} Nc8 {[%clk 0:02:45]} 31. Nxc6 {[%clk 0:01:25]} Bxc6
{[%clk 0:02:24]} 32. Qxc6 {[%clk 0:01:47]} Ne7 {[%clk 0:02:42]} 33. Qd7
{[%clk 0:01:06]} Rfe8 {[%clk 0:01:20]} 34. Re5 {[%clk 0:01:02]} Qg6
{[%clk 0:00:58]} 35. Rd2 {[%clk 0:01:27]} Kf8 {[%clk 0:00:54]} 36. Rde2
{[%clk 0:01:18]} Qf6 {[%clk 0:00:58]} 37. R5e3 {[%clk 0:01:10]} Rad8
{[%clk 0:01:00]} 38. Qg4 {[%clk 0:00:51]} d4 {[%clk 0:00:44]} 39. Re4
{[%clk 0:00:40]} Nf5 {[%clk 0:00:35]} 40. Rxe8+ {[%clk 0:30:37]} Rxe8
{[%clk 0:31:01]} 41. Rxe8+ {[%clk 0:30:58]} Kxe8 {[%clk 0:31:27]} 42. Qe4+
{[%clk 0:30:38]} Qe6 {[%clk 0:30:25]} 43. Qa8+ {[%clk 0:29:15]} Ke7
{[%clk 0:27:30]} 44. Qxa7+ {[%clk 0:26:29]} Ke8 {[%clk 0:26:18]} 45. Qb8+
{[%clk 0:25:53]} Kd7 {[%clk 0:24:59]} 46. Qc7+ {[%clk 0:26:08]} Ke8
{[%clk 0:25:20]} 47. Qe5 {[%clk 0:26:18]} Kd8 {[%clk 0:23:53]} 48. Qxe6
{[%clk 0:24:23]} fxe6 {[%clk 0:24:18]} 49. a6 {[%clk 0:23:11]} Kc8
{[%clk 0:24:15]} 50. Ke2 {[%clk 0:20:55]} g6 {[%clk 0:22:59]} 51. Kd3
{[%clk 0:20:17]} Ne3 {[%clk 0:18:59]} 52. b4 {[%clk 0:20:07]} Nd5
{[%clk 0:17:16]} 53. b5 {[%clk 0:20:24]} Nb4+ {[%clk 0:16:11]} 54. Kxd4
{[%clk 0:20:43]} Nxc2+ {[%clk 0:16:32]} 55. Kc5 {[%clk 0:21:04]} Ne1
{[%clk 0:16:30]} 56. Kb6 {[%clk 0:21:11]} 1-0

[Event "MPJ_D18"]
[Site "?"]
[Date "2016.03.19"]
[Round "8.10"]
[White "Burdzy, Joanna"]
[Black "Fraczek, Weronika"]
[Result "1/2-1/2"]
[BlackElo "1825"]
[WhiteElo "1730"]
[LiveChessVersion "1.4.8"]

1. e4 {[%clk 1:30:55]} e5 {[%clk 1:30:17]} 2. Nf3 {[%clk 1:30:28]} Nf6
{[%clk 1:30:21]} 3. Nc3 {[%clk 1:30:17]} Nc6 {[%clk 1:30:36]} 4. Bc4
{[%clk 1:28:02]} Nxe4 {[%clk 1:29:55]} 5. Nxe4 {[%clk 1:23:25]} d5
{[%clk 1:30:12]} 6. Bd3 {[%clk 1:22:59]} Nb4 {[%clk 1:30:20]} 7. Nc3
{[%clk 1:12:07]} e4 {[%clk 1:27:06]} 8. Qe2 {[%clk 1:12:17]} Be7 {[%clk 1:15:40]}
9. Bb5+ {[%clk 0:59:23]} c6 {[%clk 1:11:22]} 10. Ba4 {[%clk 0:57:35]} Bg4
{[%clk 1:01:17]} 11. Nxe4 {[%clk 0:52:32]} dxe4 {[%clk 1:00:34]} 12. Qxe4
{[%clk 0:51:44]} Be6 {[%clk 0:59:09]} 13. O-O {[%clk 0:46:20]} Bd5
{[%clk 0:55:38]} 14. Qe2 {[%clk 0:41:52]} O-O {[%clk 0:53:33]} 15. a3
{[%clk 0:40:18]} Na6 {[%clk 0:52:46]} 16. c3 {[%clk 0:37:43]} Bd6
{[%clk 0:48:30]} 17. d4 {[%clk 0:36:17]} Re8 {[%clk 0:46:04]} 18. Qd1
{[%clk 0:33:25]} Qf6 {[%clk 0:43:36]} 19. Bc2 {[%clk 0:31:13]} h6
{[%clk 0:39:34]} 20. Be3 {[%clk 0:26:37]} Nc7 {[%clk 0:38:03]} 21. Bd3
{[%clk 0:22:20]} b5 {[%clk 0:34:41]} 22. Be2 {[%clk 0:20:02]} Ne6
{[%clk 0:31:10]} 23. g3 {[%clk 0:18:47]} h5 {[%clk 0:28:56]} 24. Nd2
{[%clk 0:16:44]} Nf4 {[%clk 0:20:32]} 25. Bf3 {[%clk 0:12:17]} Nh3+
{[%clk 0:13:55]} 26. Kg2 {[%clk 0:12:39]} Ng5 {[%clk 0:11:51]} 27. Bxd5
{[%clk 0:11:48]} cxd5 {[%clk 0:11:42]} 28. Qxh5 {[%clk 0:10:59]} Ne6
{[%clk 0:09:22]} 29. Qxd5 {[%clk 0:10:03]} Nc7 {[%clk 0:09:31]} 30. Qf3
{[%clk 0:10:25]} Qg6 {[%clk 0:09:48]} 31. Rac1 {[%clk 0:09:18]} Re6
{[%clk 0:09:56]} 32. Rfe1 {[%clk 0:07:39]} Rae8 {[%clk 0:10:02]} 33. c4
{[%clk 0:06:03]} Rf6 {[%clk 0:09:34]} 34. Qd1 {[%clk 0:05:56]} Qf5
{[%clk 0:06:57]} 35. Qc2 {[%clk 0:04:36]} Qh5 {[%clk 0:05:46]} 36. Qd1
{[%clk 0:04:41]} Qf5 {[%clk 0:05:33]} 37. Nf3 {[%clk 0:04:08]} bxc4
{[%clk 0:05:08]} 38. Rxc4 {[%clk 0:03:40]} Qd5 {[%clk 0:04:59]} 39. Rc3
{[%clk 0:03:28]} Nb5 {[%clk 0:04:28]} 40. Rd3 {[%clk 0:33:50]} Nc7
{[%clk 0:34:02]} 41. Bc1 {[%clk 0:33:14]} Ne6 {[%clk 0:33:49]} 42. Qb3
{[%clk 0:30:24]} Qa8 {[%clk 0:33:21]} 43. Kg1 {[%clk 0:25:59]} Rb8
{[%clk 0:32:41]} 44. Qd1 {[%clk 0:24:14]} Rc8 {[%clk 0:32:42]} 45. d5
{[%clk 0:23:55]} Nc7 {[%clk 0:32:20]} 46. Bg5 {[%clk 0:22:03]} Rf5
{[%clk 0:32:17]} 47. Be7 {[%clk 0:22:05]} Bxe7 {[%clk 0:32:16]} 48. Rxe7
{[%clk 0:22:05]} Nxd5 {[%clk 0:32:10]} 49. Rd7 {[%clk 0:22:08]} Nf6
{[%clk 0:31:31]} 50. Rd8+ {[%clk 0:21:09]} Kh7 {[%clk 0:31:44]} 51. Nh4
{[%clk 0:17:46]} Rfc5 {[%clk 0:29:19]} 52. Rxc8 {[%clk 0:17:02]} Qxc8
{[%clk 0:29:17]} 53. Qf3 {[%clk 0:17:06]} Qh3 {[%clk 0:27:27]} 54. Rd1
{[%clk 0:15:32]} Re5 {[%clk 0:24:18]} 55. b4 {[%clk 0:12:46]} Qe6
{[%clk 0:23:32]} 56. Ng2 {[%clk 0:12:13]} Rf5 {[%clk 0:21:15]} 57. Qd3
{[%clk 0:10:12]} g6 {[%clk 0:20:58]} 58. Re1 {[%clk 0:10:11]} Qa2
{[%clk 0:19:55]} 59. Rf1 {[%clk 0:08:32]} Kg7 {[%clk 0:18:48]} 60. Nf4
{[%clk 0:08:38]} Qb2 {[%clk 0:16:43]} 61. Qe3 {[%clk 0:06:17]} a5
{[%clk 0:16:05]} 62. Qe7 {[%clk 0:06:07]} Re5 {[%clk 0:15:43]} 63. Qd6
{[%clk 0:05:35]} Rf5 {[%clk 0:14:28]} 64. Qc7 {[%clk 0:05:24]} Qe5
{[%clk 0:13:45]} 65. Qxe5 {[%clk 0:05:24]} Rxe5 {[%clk 0:14:13]} 66. Rb1
{[%clk 0:05:39]} Rb5 {[%clk 0:13:53]} 67. f3 {[%clk 0:05:12]} Nd7
{[%clk 0:13:29]} 68. Kf2 {[%clk 0:05:23]} Ne5 {[%clk 0:13:37]} 69. Ke2
{[%clk 0:03:56]} Nc6 {[%clk 0:13:17]} 70. Nd3 {[%clk 0:04:18]} Nd4+
{[%clk 0:12:58]} 71. Kf2 {[%clk 0:04:43]} Nc2 {[%clk 0:12:58]} 72. Rb3
{[%clk 0:04:55]} Nd4 {[%clk 0:11:47]} 73. Rc3 {[%clk 0:05:19]} axb4
{[%clk 0:11:23]} 74. axb4 {[%clk 0:05:46]} Ne6 {[%clk 0:11:37]} 75. Ke3
{[%clk 0:06:01]} Kf6 {[%clk 0:11:24]} 76. h4 {[%clk 0:05:06]} Ke7
{[%clk 0:11:00]} 77. Rc4 {[%clk 0:04:55]} Kd6 {[%clk 0:10:50]} 78. Kd2
{[%clk 0:04:56]} Nc7 {[%clk 0:09:44]} 79. Rd4+ {[%clk 0:04:35]} Kc6
{[%clk 0:09:04]} 80. Kc3 {[%clk 0:04:10]} Rf5 {[%clk 0:08:53]} 81. Kc4
{[%clk 0:03:43]} Nb5 {[%clk 0:08:33]} 82. Rf4 {[%clk 0:03:51]} Nd6+
{[%clk 0:08:35]} 83. Kb3 {[%clk 0:03:40]} Rd5 {[%clk 0:08:38]} 84. Nb2
{[%clk 0:02:36]} Kb5 {[%clk 0:07:47]} 85. Kc3 {[%clk 0:02:44]} Re5
{[%clk 0:06:09]} 86. Nd3 {[%clk 0:02:13]} Re7 {[%clk 0:05:58]} 87. Rd4
{[%clk 0:01:47]} Nf5 {[%clk 0:06:11]} 88. Rd5+ {[%clk 0:02:16]} Kb6
{[%clk 0:06:09]} 89. b5 {[%clk 0:02:17]} Nxg3 {[%clk 0:06:07]} 90. Kb4
{[%clk 0:02:46]} Nf5 {[%clk 0:05:59]} 91. Rc5 {[%clk 0:02:58]} Nd4
{[%clk 0:04:32]} 92. Nf4 {[%clk 0:03:20]} Kb7 {[%clk 0:02:57]} 93. Nd5
{[%clk 0:03:34]} Rd7 {[%clk 0:02:58]} 94. Kc4 {[%clk 0:03:26]} Nxf3
{[%clk 0:02:55]} 95. b6 {[%clk 0:03:24]} Ne5+ {[%clk 0:02:53]} 96. Kb5
{[%clk 0:03:35]} Nc6 {[%clk 0:01:59]} 97. Nf6 {[%clk 0:03:05]} 1/2-1/2